<?xml version="1.0" encoding="UTF-8"?>
<record
    xmlns:xsi="http://www.w3.org/2001/XMLSchema-instance"
    xsi:schemaLocation="http://www.loc.gov/MARC21/slim http://www.loc.gov/standards/marcxml/schema/MARC21slim.xsd"
    xmlns="http://www.loc.gov/MARC21/slim">

  <leader>00616nam a22001577a 4500</leader>
  <controlfield tag="003">OSt</controlfield>
  <controlfield tag="005">20161022140253.0</controlfield>
  <controlfield tag="008">161022b        xxu||||| |||| 00| 0 eng d</controlfield>
  <datafield tag="040" ind1=" " ind2=" ">
    <subfield code="c">RUA</subfield>
  </datafield>
  <datafield tag="082" ind1=" " ind2=" ">
    <subfield code="a">VEM THO 2015 B505 Or.1</subfield>
  </datafield>
  <datafield tag="100" ind1=" " ind2=" ">
    <subfield code="9">10837</subfield>
    <subfield code="a">THORN SAVANN</subfield>
  </datafield>
  <datafield tag="245" ind1=" " ind2=" ">
    <subfield code="a">Survey on sow diseases in lactation period at pich mony's farm; &#x1780;&#x17B6;&#x179A;&#x17A2;&#x1784;&#x17D2;&#x1780;&#x17C1;&#x178F;&#x179B;&#x17BE;&#x1787;&#x1798;&#x17D2;&#x1784;&#x17BA;&#x1798;&#x17C1;&#x1787;&#x17D2;&#x179A;&#x17BC;&#x1780;&#x1794;&#x17C6;&#x1794;&#x17C5;&#x1780;&#x17BC;&#x1793;&#x1793;&#x17C5;&#x1780;&#x179F;&#x17B7;&#x178A;&#x17D2;&#x178B;&#x17B6;&#x1793;&#x1785;&#x17B7;&#x1789;&#x17D2;&#x1785;&#x17B9;&#x1798;&#x1787;&#x17D2;&#x179A;&#x17BC;&#x1780;&#x1796;&#x17C1;&#x1787;&#x17D2;&#x1799; &#x1798;&#x17BB;&#x1793;&#x17D2;&#x1793;&#x17B8;</subfield>
  </datafield>
  <datafield tag="260" ind1=" " ind2=" ">
    <subfield code="a">Phnom Penh</subfield>
    <subfield code="b">RUA</subfield>
    <subfield code="c">2015</subfield>
  </datafield>
  <datafield tag="300" ind1=" " ind2=" ">
    <subfield code="a">x;31p;</subfield>
    <subfield code="b">ill</subfield>
    <subfield code="c">29cm</subfield>
  </datafield>
  <datafield tag="942" ind1=" " ind2=" ">
    <subfield code="2">ddc</subfield>
    <subfield code="c">VEM</subfield>
  </datafield>
  <datafield tag="999" ind1=" " ind2=" ">
    <subfield code="c">10432</subfield>
    <subfield code="d">10432</subfield>
  </datafield>
  <datafield tag="952" ind1=" " ind2=" ">
    <subfield code="0">0</subfield>
    <subfield code="1">0</subfield>
    <subfield code="2">ddc</subfield>
    <subfield code="4">0</subfield>
    <subfield code="6">VEM_THO_2015_000000000000000_B505_OR_1</subfield>
    <subfield code="7">0</subfield>
    <subfield code="9">53586</subfield>
    <subfield code="a">LBB</subfield>
    <subfield code="b">LBB</subfield>
    <subfield code="c">B505</subfield>
    <subfield code="d">2016-10-22</subfield>
    <subfield code="o">VEM THO 2015 B505 Or.1</subfield>
    <subfield code="p">A00344</subfield>
    <subfield code="r">2016-10-22</subfield>
    <subfield code="w">2016-10-22</subfield>
    <subfield code="y">VEM</subfield>
  </datafield>
  <datafield tag="952" ind1=" " ind2=" ">
    <subfield code="0">0</subfield>
    <subfield code="1">0</subfield>
    <subfield code="2">ddc</subfield>
    <subfield code="4">0</subfield>
    <subfield code="6">VEM_THO_2015_000000000000000_B505_OR_2</subfield>
    <subfield code="7">0</subfield>
    <subfield code="9">53587</subfield>
    <subfield code="a">LBB</subfield>
    <subfield code="b">LBB</subfield>
    <subfield code="c">B505</subfield>
    <subfield code="d">2016-10-22</subfield>
    <subfield code="o">VEM THO 2015 B505 Or.2</subfield>
    <subfield code="p">A02414</subfield>
    <subfield code="r">2016-10-22</subfield>
    <subfield code="w">2016-10-22</subfield>
    <subfield code="y">VEM</subfield>
  </datafield>
  <datafield tag="952" ind1=" " ind2=" ">
    <subfield code="0">0</subfield>
    <subfield code="1">0</subfield>
    <subfield code="2">ddc</subfield>
    <subfield code="4">0</subfield>
    <subfield code="6">VEM_THO_2015_000000000000000_B505_OR_3</subfield>
    <subfield code="7">0</subfield>
    <subfield code="9">53588</subfield>
    <subfield code="a">LBB</subfield>
    <subfield code="b">LBB</subfield>
    <subfield code="c">B505</subfield>
    <subfield code="d">2016-10-22</subfield>
    <subfield code="o">VEM THO 2015 B505 Or.3</subfield>
    <subfield code="p">A02695</subfield>
    <subfield code="r">2016-10-22</subfield>
    <subfield code="w">2016-10-22</subfield>
    <subfield code="y">VEM</subfield>
  </datafield>
  <datafield tag="952" ind1=" " ind2=" ">
    <subfield code="0">0</subfield>
    <subfield code="1">0</subfield>
    <subfield code="2">ddc</subfield>
    <subfield code="4">0</subfield>
    <subfield code="6">VEM_THO_2015_000000000000000_B505_OR_4</subfield>
    <subfield code="7">0</subfield>
    <subfield code="9">53589</subfield>
    <subfield code="a">LBB</subfield>
    <subfield code="b">LBB</subfield>
    <subfield code="c">B505</subfield>
    <subfield code="d">2016-10-22</subfield>
    <subfield code="o">VEM THO 2015 B505 Or.4</subfield>
    <subfield code="p">A00113</subfield>
    <subfield code="r">2016-10-22</subfield>
    <subfield code="w">2016-10-22</subfield>
    <subfield code="y">VEM</subfield>
  </datafield>
  <datafield tag="952" ind1=" " ind2=" ">
    <subfield code="0">0</subfield>
    <subfield code="1">0</subfield>
    <subfield code="2">ddc</subfield>
    <subfield code="4">0</subfield>
    <subfield code="6">VEM_THO_2015_000000000000000_B505_OR_5</subfield>
    <subfield code="7">0</subfield>
    <subfield code="9">53590</subfield>
    <subfield code="a">LBB</subfield>
    <subfield code="b">LBB</subfield>
    <subfield code="c">B505</subfield>
    <subfield code="d">2016-10-22</subfield>
    <subfield code="o">VEM THO 2015 B505 Or.5</subfield>
    <subfield code="p">A02152</subfield>
    <subfield code="r">2016-10-22</subfield>
    <subfield code="w">2016-10-22</subfield>
    <subfield code="y">VEM</subfield>
  </datafield>
  <datafield tag="952" ind1=" " ind2=" ">
    <subfield code="0">0</subfield>
    <subfield code="1">0</subfield>
    <subfield code="2">ddc</subfield>
    <subfield code="4">0</subfield>
    <subfield code="6">VEM_THO_2015_000000000000000_B505_OR_6</subfield>
    <subfield code="7">0</subfield>
    <subfield code="9">53591</subfield>
    <subfield code="a">LBB</subfield>
    <subfield code="b">LBB</subfield>
    <subfield code="c">B505</subfield>
    <subfield code="d">2016-10-22</subfield>
    <subfield code="l">1</subfield>
    <subfield code="o">VEM THO 2015 B505 Or.6</subfield>
    <subfield code="p">A01343</subfield>
    <subfield code="r">2017-01-17</subfield>
    <subfield code="s">2016-12-12</subfield>
    <subfield code="w">2016-10-22</subfield>
    <subfield code="y">VEM</subfield>
  </datafield>
  <datafield tag="952" ind1=" " ind2=" ">
    <subfield code="0">0</subfield>
    <subfield code="1">0</subfield>
    <subfield code="2">ddc</subfield>
    <subfield code="4">0</subfield>
    <subfield code="6">VEM_THO_2015_000000000000000_B505_OR_7</subfield>
    <subfield code="7">0</subfield>
    <subfield code="9">53592</subfield>
    <subfield code="a">LBB</subfield>
    <subfield code="b">LBB</subfield>
    <subfield code="c">B505</subfield>
    <subfield code="d">2016-10-22</subfield>
    <subfield code="o">VEM THO 2015 B505 Or.7</subfield>
    <subfield code="p">A00148</subfield>
    <subfield code="r">2016-10-22</subfield>
    <subfield code="w">2016-10-22</subfield>
    <subfield code="y">VEM</subfield>
  </datafield>
  <datafield tag="952" ind1=" " ind2=" ">
    <subfield code="0">0</subfield>
    <subfield code="1">0</subfield>
    <subfield code="2">ddc</subfield>
    <subfield code="4">0</subfield>
    <subfield code="6">VEM_THO_2015_000000000000000_B505_OR_8</subfield>
    <subfield code="7">0</subfield>
    <subfield code="9">56943</subfield>
    <subfield code="a">LBB</subfield>
    <subfield code="b">LBB</subfield>
    <subfield code="c">B505</subfield>
    <subfield code="d">2016-11-17</subfield>
    <subfield code="o">VEM THO 2015 B505 Or.8</subfield>
    <subfield code="p">a04059</subfield>
    <subfield code="r">2016-11-17</subfield>
    <subfield code="w">2016-11-17</subfield>
    <subfield code="y">VEM</subfield>
  </datafield>
  <datafield tag="952" ind1=" " ind2=" ">
    <subfield code="0">0</subfield>
    <subfield code="1">0</subfield>
    <subfield code="2">ddc</subfield>
    <subfield code="4">0</subfield>
    <subfield code="6">VEM_THO_2015_000000000000000_B690_OR_1</subfield>
    <subfield code="7">0</subfield>
    <subfield code="9">87322</subfield>
    <subfield code="a">LBB</subfield>
    <subfield code="b">LBB</subfield>
    <subfield code="c">B690</subfield>
    <subfield code="d">2021-11-10</subfield>
    <subfield code="o">VEM THO 2015 B690 Or.1</subfield>
    <subfield code="p">a065728</subfield>
    <subfield code="r">2021-11-10</subfield>
    <subfield code="w">2021-11-10</subfield>
    <subfield code="y">VEM</subfield>
  </datafield>
  <datafield tag="952" ind1=" " ind2=" ">
    <subfield code="0">0</subfield>
    <subfield code="1">0</subfield>
    <subfield code="2">ddc</subfield>
    <subfield code="4">0</subfield>
    <subfield code="6">VEM_THO_2015_000000000000000_B694_OR_1</subfield>
    <subfield code="7">0</subfield>
    <subfield code="9">87672</subfield>
    <subfield code="a">LBB</subfield>
    <subfield code="b">LBB</subfield>
    <subfield code="c">B694</subfield>
    <subfield code="d">2021-11-23</subfield>
    <subfield code="o">VEM THO 2015 B694 Or.1</subfield>
    <subfield code="p">a066395</subfield>
    <subfield code="r">2021-11-23</subfield>
    <subfield code="w">2021-11-23</subfield>
    <subfield code="y">VEM</subfield>
  </datafield>
  <datafield tag="952" ind1=" " ind2=" ">
    <subfield code="0">0</subfield>
    <subfield code="1">0</subfield>
    <subfield code="2">ddc</subfield>
    <subfield code="4">0</subfield>
    <subfield code="6">VEM_THO_2015_000000000000000_B694_OR_1</subfield>
    <subfield code="7">0</subfield>
    <subfield code="9">87673</subfield>
    <subfield code="a">LBB</subfield>
    <subfield code="b">LBB</subfield>
    <subfield code="c">B694</subfield>
    <subfield code="d">2021-11-23</subfield>
    <subfield code="o">VEM THO 2015 B694 Or.1</subfield>
    <subfield code="p">a066571</subfield>
    <subfield code="r">2021-11-23</subfield>
    <subfield code="w">2021-11-23</subfield>
    <subfield code="y">VEM</subfield>
  </datafield>
</record>
